Методические указания к проведению занятий по русскому языку и рабочая программа по практическому курсу русского языка для национальных групп всех специальностей (Запись № 13740284)

Подробности
000 -МАРКЕР
контрольное поле 01685nam1a2200289 4500
001 - ИДЕНТИФИКАТОР ЗАПИСИ
контрольное поле RU\NLR\BIBL_A\011782483
005 - ИДЕНТИФИКАТОР ВЕРСИИ
контрольное поле 20260628175106.0
035 ## - ДРУГИЕ СИСТЕМНЫЕ НОМЕРА
Идентификатор записи (NLR Aleph) 011782483
100 ## - ДАННЫЕ ОБЩЕЙ ОБРАБОТКИ
Данные общей обработки 20180905g19859999k y0rusy50 ca
101 0# - ЯЗЫК РЕСУРСА
Язык текста, звукозаписи и т.д. русский
102 ## - СТРАНА ПУБЛИКАЦИИ ИЛИ ПРОИЗВОДСТВА
Страна публикации Узбекистан
105 ## - ПОЛЕ КОДИРОВАННЫХ ДАННЫХ: ТЕКСТОВЫЕ МАТЕРИАЛЫ, МОНОГРАФИЧЕСКИЕ
Кодированные данные о монографическом текстовом документе ||||j |||||
200 1# - ЗАГЛАВИЕ И СВЕДЕНИЯ ОБ ОТВЕТСТВЕННОСТИ
Основное заглавие Методические указания к проведению занятий по русскому языку и рабочая программа по практическому курсу русского языка для национальных групп всех специальностей
Первые сведения об ответственности М-во просвещения УзССР, Респ. метод. каб. по высш. и сред. пед. образованию
Последующие сведения об ответственности сост. Ахмедов И.Р. [и др.]
-- ред. Янковская Т.И.
210 ## - ПУБЛИКАЦИЯ, РАСПРОСТРАНЕНИЕ И ДР.
Место издания, распространения и т.д. Ташкент
Имя издателя, распространителя и т. д. [б.и.]
Дата издания, распространения и т.д. 1985
215 ## - ФИЗИЧЕСКАЯ ХАРАКТЕРИСТИКА
Размеры 20
606 1# - НАИМЕНОВАНИЕ ТЕМЫ КАК ПРЕДМЕТ
Наименование темы Русский язык
Тематический подзаголовок Преподавание нерусским
-- Высшая школа
Системный номер авторитетной/нормативной записи 2157577
Идентификатор авторитетной/нормативной записи RU\NLR\AUTH\661298750
686 1# - ИНДЕКСЫ ДРУГИХ КЛАССИФИКАЦИЙ
Индекс Ч486.132(2)
702 #1 - ИМЯ ЛИЦА - ВТОРИЧНАЯ ОТВЕТСТВЕННОСТЬ
Начальный элемент ввода Ахмедов
Часть имени, кроме начального элемента ввода И. Р.
Расширение инициалов личного имени Исмаил Ризаевич
Код отношения Составитель
702 #1 - ИМЯ ЛИЦА - ВТОРИЧНАЯ ОТВЕТСТВЕННОСТЬ
Начальный элемент ввода Янковская
Часть имени, кроме начального элемента ввода Т. И.
Расширение инициалов личного имени Татьяна Иосифовна
Код отношения Редактор
712 02 - НАИМЕНОВАНИЕ ОРГАНИЗАЦИИ - ВТОРИЧНАЯ ОТВЕТСТВЕННОСТЬ
Код отношения Прочие
Начальный элемент ввода Узбекский республиканский методический кабинет по высшему и среднему педагогическому образованию
Идентифицирующий признак Ташкент
Системный номер авторитетной/нормативной записи 634109
Идентификатор авторитетной/нормативной записи RU\NLR\AUTH\8810066243
852 ## - МЕСТОНАХОЖДЕНИЕ И ШИФР ХРАНЕНИЯ
Идентификатор организации NLR
Шифр хранения (Call Number) 87-4/4644
942 ## - ДОПОЛНИТЕЛЬНЫЕ ЭЛЕМЕНТЫ ЗАПИСИ (АБИС)
Тип экземпляра АБИС Книга
980 ## - КОЛЛЕКЦИЯ
Название коллекции Национальная библиография

Нет доступных экземпляров.